Estadísticas para Regiones de Países #2

Haz click aquí para tomar la prueba!

Estadísticas generales

  • Esta prueba ha sido tomada 917 veces
  • La puntuación promedio es 16 de 21

Estadísticas de respuestas

Región País % Correcto
TexasEstados Unidos
100%
CataluñaEspaña
95%
Mongolia InteriorChina
93%
SiberiaRusia
91%
CretaGrecia
90%
NormandíaFrancia
89%
TransilvaniaRumania
88%
CerdeñaItalia
86%
JaliscoMéxico
85%
FlandesBélgica
81%
YorkshireReino Unido
81%
Columbia BritánicaCanadá
77%
SajoniaAlemania
71%
Nueva Gales del SurAustralia
68%
Mato GrossoBrasil
62%
KantōJapón
61%
Condado de CorkIrlanda
60%
Cabo OccidentalSudáfrica
53%
Uttar PradeshIndia
52%
DalmaciaCroacia
51%
Alta SilesiaPolonia
45%

Distribución de puntuación

Porcentaje por número respondido

Porcentaje de gente con cada puntuación

Historial de tus puntuaciones

No has tomado esta prueba